| 000 | 00759nam a2200241 a 4500 | ||
|---|---|---|---|
| 001 | 000022850 | ||
| 005 | 20200930021832.0 | ||
| 008 | 101119s1996 sp r 000 f spa d | ||
| 020 | _a8401326613 | ||
| 040 |
_aDO-SdBNP _bspa _cBNPHU |
||
| 082 |
_a813.5 _bU76r, 1996 |
||
| 100 | 1 |
_aUris, León, _d1924-2003. _929385 |
|
| 240 | 1 | 0 |
_aRedemption _lEspañol |
| 245 | 1 | 0 |
_aRedención / _cLeón Uris ; traducción Gemma Rovira Ortgea. |
| 250 | _a2a ed. | ||
| 260 |
_aBarcelona, (España) : _bPlaza & Janés Editores, _c1996. |
||
| 300 |
_a885, [886] p. ; _c23 cm. |
||
| 534 |
_aTítulo original: _tRedemption |
||
| 650 | 4 |
_aNovela estadounidense _9262 |
|
| 650 | 4 |
_aLiteratura estadounidense _9263 |
|
| 700 | 1 |
_aRovira Ortgea, Gemma _etr. _946961 |
|
| 049 | _aBNGR | ||
| 999 |
_c22347 _d22347 |
||